عرض عادي
عرض مارك
- Urinary Tract Physiological Phenomena.
مدخل مصطلح موضوعي
001 - رقم الضبط
- حقل الضبط: 45860
003 - معرف رقم الضبط
- حقل الضبط: OSt
005 - تاريخ ووقت أخر عملية
- حقل الضبط: 20140623092113.0
008 - عناصر بيانات ثابتة الطول
- حقل تحكم ثابت الطول: 140623|||a|||||| | ||| d
040 ## - مصدر الفهرسة
- هيئة الفهرسة الأصلية: OSt
- وكالة الكتابة: OSt
150 ## - مدخل-- مصطلح تاريخي
- عنصر مدخل المصطلح الموضوعي او الاسم الجغرافي: Urinary Tract Physiological Phenomena.
670 ## - بيانات المصدر موجوده
- الاستشهاد بالمصدر: Work cat.: (OSt)0: Jones, Timothy, 1987- 45859, Renal and urinary systems /, 2013.
